ABC DELF A1
Đã lưu trong:
| Tác giả chính: | |
|---|---|
| Định dạng: | CD |
| Ngôn ngữ: | French |
| Được phát hành: |
Paris :
CLE International,
2019.
|
| Các nhãn: |
Thêm thẻ
Không có thẻ, Là người đầu tiên thẻ bản ghi này!
|
| Thư viện lưu trữ: | Thư viện Trường Đại học Đà Lạt |
|---|
| LEADER | 00647nam a2200277 4500 | ||
|---|---|---|---|
| 001 | DLU210195739 | ||
| 005 | ##20210128 | ||
| 040 | # | # | |a DLU |b eng |
| 041 | # | # | |a fre |
| 044 | # | # | |a fr |
| 082 | # | # | |a 448 |b CL-D |
| 100 | # | # | |a Clément-Rodríguez, David. |
| 245 | # | # | |a ABC DELF A1 |h [CD-ROM] / |c David Clément-Rodríguez. |
| 256 | # | # | |a 4 3/4 in. |
| 260 | # | # | |a Paris : |b CLE International, |c 2019. |
| 300 | # | # | |a 1 CD-ROM ; |c 4 3/4 in. |
| 923 | # | # | |a 03/2020 |
| 992 | # | # | |a 0 |
| 994 | # | # | |a DLU |
| 900 | # | # | |a True |
| 911 | # | # | |a Nguyễn Thanh Hương |
| 925 | # | # | |a CD |
| 926 | # | # | |a A |
| 927 | # | # | |a CD |
| 980 | # | # | |a Thư viện Trường Đại học Đà Lạt |